| LEADER 00000nam 2200000uu 4500 |
| 008 121121s2554||||th 000 0 tha d |
| 020 ^a9786162351235
|
| 040 ^abcnkk
|
| 041 0 ^atha
|
| 050 4 ^aอ BQ4190 พ334 2554
|
| 245 10 ^aพระธรรมเทศนามงคลวิเสสกถา พระราชพิธีเฉลิมพระชนมพรรษา พระบาทสมเด็จพระปรมินทรมหาภูมิพลอดุลยเดช พุทธศักราช 2489-2554./^bคณะกรรมการฝ่ายประมวลเอกสารและจดหมายเหตุในคณะกรรมการอำนวยการจัดงานเฉลิมพระเกียรติพระบาทสมเด็จพระเจ้าอยู่หัวเนื่องในโอกาสพระราชพิธีมหามงคลเฉลิมพระชนมพรรษา 7 รอบ 5 ธันวาคม 2554
|
| 260 ^aกรุงเทพฯ :^bสำนักงานเสริมสร้างเอกลักษณ์ของชาติ,^c2554
|
| 300 ^a579 หน้า;^bภาพประกอบ
|
| 500 ^aเนื่องในโอกาสพระราชพิธีมหามงคลเฉลิมพระชนมพรรษา 7 รอบ 5 ธันวาคม 2554
|
| 650 4 ^aภูมิพลอดุลยเดช,พระบาทสมเด็จพระปรมินทรมหา,2489-
|
| 650 4 ^aธรรมเทศนา
|
| 650 0 ^aธรรมะ
|
| 700 0 ^aคณะกรรมการฝ่ายประมวลเอกสารและจดหมายเหตุฯ
|
| 999 ^aใช้งานได้ทุกระบบ
|